| 000 | 01392nkm a2200361 c 4500 | ||
|---|---|---|---|
| 999 |
_c209816 _d209816 |
||
| 003 | BLK | ||
| 005 | 20210211131408.0 | ||
| 008 | 180412b bul rap|r|||| r0| ||bulo| | ||
| 010 | _aKNG00157515000 | ||
| 040 | _aBLK | ||
| 041 |
_aBUL _cBUL |
||
| 080 |
_aАрхитектура _b72 _x(38)(084) _z72(38)(084) |
||
| 080 |
_aПластични изкуства _b73 _x(38)(084) _z73(38)(084) |
||
| 139 |
_aДзевановски, Анджей _bД 52 |
||
| 245 | 1 | 0 |
_aКрит _cсн. Анджей Дзевановски; текст Богдан Рутковски; прев. от пол. Люба Паликарова. |
| 257 | _aPOL | ||
| 260 |
_bБълг. художник _c1978 _aСофия |
||
| 300 |
_a88 с. _bс ил. _c30 см |
||
| 380 | _a7 | ||
| 500 | _a2 110 тир. | ||
| 650 | 4 |
_aАрхитектура, антична _9277090 |
|
| 651 | 4 |
_aДревна Гърция _9242869 |
|
| 653 | _aантични градове | ||
| 653 | _aКрит | ||
| 700 | 1 |
_aДзевановски, Анджей _eсн. _961292 |
|
| 700 | 1 |
_aРутковски, Богдан _eтекст _9117878 |
|
| 700 | 1 |
_aПаликарова, Люба _eпрев. от пол. _9387189 |
|
| 852 |
_aЦб ІІ 26431 _bЦб |
||
| 856 | 4 |
_qpdf _u |
|
| 856 | 4 |
_qpdf _u |
|
| 942 |
_cGRA _n0 _s1 |
||
| 944 |
_aCR _c06.03.2014 _l06.03.2014 - от С1,Р / 06.03.2014 _kКамелия_Данева |
||
| 944 |
_aED _c06.03.2014 _l06.03.2014 - от С1,Р / 06.03.2014 |
||
| 999 | _d209816 | ||